Những nguyên lý cơ bản của hóa học Phần bài tập (Dùng cho sinh viên ngành Hóa; Sinh; Y; Dược; Môi trường.. các trường đại học và cao đẳng)

Đã lưu trong:
Bibliografiske detaljer
Hovedforfatter: Lâm Ngọc Thêm (Chủ biên)
Andre forfattere: Trần Hiệp Hải (Tác giả)
Format: Bog
Sprog:Vietnamese
Udgivet: H. Khoa học và kỹ thuật 2000
Fag:
Tags: Tilføj Tag
Ingen Tags, Vær først til at tagge denne postø!
Thư viện lưu trữ: Mạng thư viện Đại học Đà Nẵng
LEADER 01254nam a2200337 4500
001 000008516
003 4706
005 20111019081033.0
008 111019s2000 viesd
020 |c 27000đ 
041 0 |a vie 
082 |a 541.076  |b LÂ-T 
100 0 |a Lâm Ngọc Thêm  |e Chủ biên 
245 0 |a Những nguyên lý cơ bản của hóa học  |b Phần bài tập (Dùng cho sinh viên ngành Hóa; Sinh; Y; Dược; Môi trường.. các trường đại học và cao đẳng)  |c Lâm Ngọc Thêm(Chủ biên); Trần Hiệp Hải (Tác giả) 
260 |a H.  |b Khoa học và kỹ thuật  |c 2000 
300 |a 336 tr.  |c 21 cm 
653 |a Hóa học 
653 |a Nguyên lý 
653 |a Bài tập 
700 |a Trần Hiệp Hải  |e Tác giả 
910 |a duyên 
OWN |a LSP 
AVA |a UDN50  |b LSP  |d 541.076 LÂ-T  |e available  |t Error 5001 Not defined in file expand_doc_bib_avail.  |f 1  |g 0  |h N  |i 0  |k 1 
999 |a From the UDN01 
AVA |a UDN50  |b LSP  |d 541.076 LÂ-T  |e available  |t Error 5001 Not defined in file expand_doc_bib_avail.  |f 1  |g 0  |h N  |i 0  |k 1 
TYP |a Monograph 
TYP |a Printed language 
980 |a Mạng thư viện Đại học Đà Nẵng